书目信息 |
| 题名: |
陶行知全集
|
|
| 作者: | 陶行知 著 ;华中师范学院教育科学研究所 主编 | |
| 分册: | 第三卷 论著(1936~1946) | |
| 出版信息: | 长沙 湖南教育出版社 1985 |
|
| 页数: | 806页 | |
| 开本: | 20cm | |
| 丛书名: | ||
| 单 册: | ||
| 中图分类: | G40-092.6 , G40-52 | |
| 科图分类: | ||
| 主题词: | 教育理论--文集 | |
| 电子资源: | ||
| ISBN: | ||
| 000 | 00822nam0 2200265 45 | |
| 001 | 0185003343 | |
| 005 | 20040428170700.5 | |
| 010 | @b精装@dCNY6.80 | |
| 091 | @a7284.538 | |
| 100 | @a19900816d1985 kemy0chiy0121 ea | |
| 101 | 0 | @achi |
| 102 | @aCN@b430000 | |
| 105 | @af z 000yy | |
| 106 | @ar | |
| 200 | 10 | @a陶行知全集@Atao xing zhi quan ji@h第三卷@i论著(1936~1946)@f陶行知著@g华中师范学院教育科学研究所主编 |
| 210 | @a长沙@c湖南教育出版社@d1985 | |
| 215 | @a806页@c照片@d20cm | |
| 606 | @a教育理论@x文集 | |
| 690 | @aG40-092.6@v3 | |
| 690 | @aG40-52 | |
| 701 | 0 | @a陶行知@Atao xing zhi@4著 |
| 712 | 02 | @a华中师范学院教育科学研究所@Ahua zhong shi fan xue yuan jiao yu ke xue yan jiu suo@4主编 |
| 801 | 0 | @aCN@b深圳图书馆@c20040428 |
| 801 | 2 | @aCN@bNLC@c20040428 |
| 905 | @f2@b170210-211@dG40-52@e94:3 | |
| 陶行知全集.第三卷.论著(1936~1946)/陶行知著/华中师范学院教育科学研究所主编.-长沙:湖南教育出版社,1985 |
| 806页:照片;20cm |
| ISBN (精装):CNY6.80 |
| ● |
| 相关链接 |
|
|
|
|
正题名:陶行知全集
索取号:G40-52/94:3
 
预约/预借
| 序号 | 登录号 | 条形码 | 馆藏地/架位号 | 状态 | 备注 |
| 1 | 0170210 | 000285319 | 第四借阅区/ [索取号:G40-52/94:3] | 在馆 | |
| 2 | 0170211 | 000285328 | 第四借阅区/ [索取号:G40-52/94:3] | 在馆 | |
| 3 | 0170212 | 002058034 | 第一样本阅览室/ [索取号:G40-52/94:3] | 在馆 |